All you needs to know about banks

Bibliographic Details
Main Author: Cook, John A
Format: Book
Published: Toronto : Bantam Book , 1984
Subjects:

MARC

LEADER 00000cam a2200000 7i4500
001 0000005738
002 000006203
005 20000330.0
020 |a 0553239155 
090 0 0 |a 332.1   |b COO 
100 1 |a Cook, John A 
245 1 0 |a All you needs to know about banks   |c John A.Cook 
260 |a Toronto :   |b Bantam Book ,   |c 1984 
300 |a 259 p. ;   |c 18 cm. 
650 0 0 |a Banks and banking 
999 |a 037739   |b BUKU   |c PINJAMAN   |e PERPUSTAKAAN KOMUNITI PETALING JAYA